000 00290nam a22001217a 4500
008 170331b xxu||||| |||| 00| 0 eng d
041 _aeng
080 _22ND
_a616-053.2
100 _a8
101 _aSHM
245 _aHANDBOOK OF COMMON POISONINGS IN CHILDREN
_cARONOW, R
942 _2udc
_cBK
999 _c9184
_d9184